<?xml version="1.0" encoding="UTF-8"?>
<record
    xmlns:xsi="http://www.w3.org/2001/XMLSchema-instance"
    xsi:schemaLocation="http://www.loc.gov/MARC21/slim http://www.loc.gov/standards/marcxml/schema/MARC21slim.xsd"
    xmlns="http://www.loc.gov/MARC21/slim">

  <leader>01756nam a22002057a 4500</leader>
  <controlfield tag="005">20240716151811.0</controlfield>
  <controlfield tag="008">240716b           ||||| |||| 00| 0 eng d</controlfield>
  <datafield tag="020" ind1=" " ind2=" ">
    <subfield code="a">9780486678399</subfield>
  </datafield>
  <datafield tag="040" ind1=" " ind2=" ">
    <subfield code="c">AL</subfield>
  </datafield>
  <datafield tag="041" ind1=" " ind2=" ">
    <subfield code="a">eng</subfield>
  </datafield>
  <datafield tag="082" ind1=" " ind2=" ">
    <subfield code="2">23</subfield>
    <subfield code="a">548</subfield>
    <subfield code="b">SANI</subfield>
  </datafield>
  <datafield tag="100" ind1=" " ind2=" ">
    <subfield code="a">Donald E Sands</subfield>
    <subfield code="9">173607</subfield>
  </datafield>
  <datafield tag="245" ind1=" " ind2=" ">
    <subfield code="a">Introduction to crystallography</subfield>
  </datafield>
  <datafield tag="260" ind1=" " ind2=" ">
    <subfield code="a">New York</subfield>
    <subfield code="b">Dover Publications</subfield>
    <subfield code="c">1993</subfield>
  </datafield>
  <datafield tag="300" ind1=" " ind2=" ">
    <subfield code="a">xii,165p</subfield>
    <subfield code="b">PB</subfield>
    <subfield code="c">21x14cm.</subfield>
  </datafield>
  <datafield tag="365" ind1=" " ind2=" ">
    <subfield code="2">General</subfield>
    <subfield code="a">709</subfield>
    <subfield code="b">&#x20B9;1736.00</subfield>
    <subfield code="c">&#x20B9;</subfield>
    <subfield code="d">&#x20B9;2170.00</subfield>
    <subfield code="e">20%</subfield>
    <subfield code="f">9-05-2024</subfield>
  </datafield>
  <datafield tag="520" ind1=" " ind2=" ">
    <subfield code="a">Designed as a useful, accessible introduction to the logical development of basic crystallographic concepts, this book presents important principles in a clear, concise manner that will enable the nonspecialist to read and comprehend crystallographic literature. Explanations are concise and mathematical prerequisites have been kept to a minimum. In the first four chapters, the author presents the vocabulary of crystallography, with discussions of lattice points, unit cells, symmetry, point groups, crystal systems, space groups, and equivalent positions. The principles of x-ray diffraction and methods of determining crystal structures are summarized in the next two chapters. The final chapter describes various simple structures. Appendixes list the 230 space groups, introduce the reciprocal lattice, and describe the powder method. A well-chosen selection of problems (with solutions) encourages self-study.Ideal as the basis for a course in crystallography and highly useful as an adjunct to physical chemistry courses, this book will also serve as an excellent reference for practicing chemists, mineralogists, metallurgists, and other workers in the field.</subfield>
  </datafield>
  <datafield tag="650" ind1=" " ind2=" ">
    <subfield code="2">Crystallography</subfield>
    <subfield code="a">Crystallography</subfield>
    <subfield code="9">173608</subfield>
  </datafield>
  <datafield tag="942" ind1=" " ind2=" ">
    <subfield code="2">ddc</subfield>
    <subfield code="c">BK</subfield>
  </datafield>
  <datafield tag="999" ind1=" " ind2=" ">
    <subfield code="c">231454</subfield>
    <subfield code="d">231454</subfield>
  </datafield>
  <datafield tag="952" ind1=" " ind2=" ">
    <subfield code="0">0</subfield>
    <subfield code="1">0</subfield>
    <subfield code="2">ddc</subfield>
    <subfield code="4">0</subfield>
    <subfield code="7">0</subfield>
    <subfield code="8">PHY</subfield>
    <subfield code="a">SACPG</subfield>
    <subfield code="b">SACPG</subfield>
    <subfield code="d">2024-05-18</subfield>
    <subfield code="e">Biblios Book Point</subfield>
    <subfield code="g">1736.00</subfield>
    <subfield code="l">2</subfield>
    <subfield code="o">548 SANI</subfield>
    <subfield code="p">PG024719</subfield>
    <subfield code="r">2025-04-01 13:21:41</subfield>
    <subfield code="s">2025-04-01</subfield>
    <subfield code="v">2170.00</subfield>
    <subfield code="w">2024-07-16</subfield>
    <subfield code="y">BK</subfield>
  </datafield>
</record>
